000 00262nam a2200109Ia 4500
008 200302s9999 xx 000 0 und d
100 _aIgnaside Sola –Morals
245 _aAlfredo arribas works
260 _bBirkhausr Berlin
260 _c2000
300 _a206 P.,
999 _c2925
_d2925